000 00733nam a2200241 i 4500
001 C2-0245308
003 PPAK
005 20180727210321.0
008 030311s2002 my a|||| ||||| | eng d
022 _a1394-4215
040 _aPPAK
_beng
_cPPAK
_erda
082 0 4 _a378.595
_223
090 0 0 _a378.595
_bWEN
_dR
245 0 0 _aWencom's higher education guide
250 _a8th edition
264 1 _aKuala Lumpur :
_bWencom Career Consultancy ,
_c2002
300 _a258 pages :
_bcolour illustrations ;
_c30 cm
336 _2rdacontent
_atext
337 _2rdamedia
_aunmediated
338 _2rdacarrier
_avolume
650 1 0 _aEducation, Higher - Directories - Malaysia ; Education, Higher - Directories - Malay
942 _ddc
_cB
999 _c59374
_d59374